Theory and problems of statistics (Record no. 7819)

000 -LEADER
fixed length control field 00486nam a2200193La 4500
001 - CONTROL NUMBER
control field 7819
003 - CONTROL NUMBER IDENTIFIER
control field BD-DhUET
008 - FIXED-LENGTH DATA ELEMENTS--GENERAL INFORMATION
fixed length control field 000404s1999 nyu s 001 0 eng d
040 ## - CATALOGING SOURCE
Transcribing agency 0
Modifying agency BD-DhUET
082 04 - DEWEY DECIMAL CLASSIFICATION NUMBER
Classification number 519.9
Item number SPI/1961
100 1# - MAIN ENTRY--PERSONAL NAME
Personal name Spiegel, Murray R.
245 10 - TITLE STATEMENT
Title Theory and problems of statistics
250 ## - EDITION STATEMENT
Edition statement 1st ed.
260 ## - PUBLICATION, DISTRIBUTION, ETC. (IMPRINT)
Place of publication, distribution, etc. New York
Name of publisher, distributor, etc. McGraw-Hill
Date of publication, distribution, etc. 1961
300 ## - PHYSICAL DESCRIPTION
Extent vii, 339 p.
490 ## - SERIES STATEMENT
Series statement Schaums outline series
650 #0 - SUBJECT ADDED ENTRY--TOPICAL TERM
Topical term or geographic name as entry element Statistical mathematics
942 ## - ADDED ENTRY ELEMENTS (KOHA)
Koha item type General Book
Holdings
Location (home branch) Date acquired Copy number Koha date last seen Not for loan Lost status Koha item type Shelving location Koha normalized classification for sorting Source of classification or shelving scheme Price effective from Damaged status Koha full call number Sublocation or collection (holding branch) Piece designation (barcode) Withdrawn status
Central Library, BUET2014-12-1312014-12-13  General BookCirculation section519_900000000000000_SPI_1961 2014-12-13 519.9/SPI/1961Central Library, BUET45113 
Central Library, BUET2014-12-1322014-12-13  General BookCirculation section519_900000000000000_SPI_1961 2014-12-13 519.9/SPI/1961Central Library, BUET7858 
Central Library, BUET2015-06-1132015-06-11  Reading ItemReading section519_900000000000000_SPI_1961 2015-06-11 519.9/SPI/1961Central Library, BUET23617 
Central Library, BUET2015-06-1142015-06-11  Reading ItemReading section519_900000000000000_SPI_1961 2015-06-11 519.9/SPI/1961Central Library, BUET9588 
Central Library, BUET2015-06-1152015-06-11  Reading ItemReading section519_900000000000000_SPI_1961 2015-06-11 519.9/SPI/1961Central Library, BUET17979 
Central Library, BUET2015-06-1162015-06-11  Reading ItemReading section519_900000000000000_SPI_1961 2015-06-11 519.9/SPI/1961Central Library, BUET31852 
Central Library, BUET2016-11-2772016-11-27  General BookCirculation section519_900000000000000_SPI_1961 2016-11-27 519.9/SPI/1961Central Library, BUET31857